Турска поезия ХX век (Запис номер 188313)
[ съкратено ]
| 000 -Лидер | |
|---|---|
| Контролно поле с фиксирана дължина | nam a22 a 4500 |
| 003 - Код на организацията, давaща контролен номер | |
| Контролно поле | BLK |
| 005 - Дата и час на последна редакция | |
| Контролно поле | 20221211181505.0 |
| 008 - Елементи от данни с фиксирана дължина | |
| fixed length control field | 180411b bul|||||r ||||||| ||bul|| |
| 010 ## - Наследен системен номер | |
| LC control number | KNG00197331000 |
| 040 ## - Източник на каталожния запис | |
| Идентификатор на билиотеката - собственик на записа | BLK |
| 041 ## - Код за език | |
| Код за езика на текст/звукозапис или на отделно заглавие | Български |
| Код за езика КДБФ | Български |
| 080 ## - УДК | |
| Текстов определител УДК | Турска литература |
| УДК код - определител по УДК | 821.512.161 |
| УДК определител | -1 |
| УДК - код + определител | 821.512.161-1 |
| 139 ## - Редно поле | |
| Редна дума | Турска поезия ХX век |
| Авторски знак | Турл - Т 93 |
| 245 10 - Сведения за заглавието | |
| Заглавие | Турска поезия ХX век |
| Подзаглавни данни | Сборник |
| Редно поле (дума) | състав. Хасан Хюсеинов Карахюсеинов; състав. Парашкев Симеонов Парушев; с предг. от Божидар Борисов Божилов; прев. от тур. Карамамед |
| 257 ## - Страна на издаване | |
| Страна на създаване/издаване | Турция |
| 260 ## - Област на издателските данни | |
| Място на издаване, разпространение и проч. | София |
| Име на издателя, разпространителя и проч. | Нар. култура |
| Година на издаване | 1981 |
| 300 ## - Физическа характеристика | |
| Страници | 551 с. |
| Размери/Мащаб | 21 см |
| 380 ## - Жанр | |
| Жанр | Худож. лит. |
| 490 ## - СЕРИИ (Колекции) | |
| Име на серия | Серия Европейска поезия |
| 9 (RLIN) | 208613 |
| 500 ## - Общи забележки | |
| Забележка | Други прев. : С. Владимиров, Г. Чешмеджиева, Г. Ленков, Л. Любенов, Ст. Първанова, К. Кадийски, Н. Ферхадов, Б. Димитров, Н. Цонев, М. Берберов, Х. Карахюсеинов, П. Парушев, К. Севов, Т. Расиев, С. Байрамов, С. Етърски, Ив. Коларов, П. Стефанов, Кр. Станишев, Г. Мицков. - Пълното име на прев. С. Владимиров е Симеон Владимиров Георгиев, на Б. Димитров - Благой Димитров Петров, а на П. Стефанов - Първан Стефанов Рангелов. - И. Коларов - псевд. на прев. Иван Стоянов Иванов, Л. Любенов - псевд. на прев. Любен Георгиев Прангов. - 3 125 тир. - Съдържа и кратки биогр. бел. за включените в сб. авт. |
| 700 1# - Други автори (авторска отговорност) | |
| Лично име | Карахюсеинов, Хасан Хюсеинов |
| Автороска отговорност (Описва отношението между автора и произведението) | състав. |
| 9 (RLIN) | 344552 |
| 700 1# - Други автори (авторска отговорност) | |
| Лично име | Парушев, Парашкев Симеонов |
| Автороска отговорност (Описва отношението между автора и произведението) | състав. |
| 9 (RLIN) | 384596 |
| 700 1# - Други автори (авторска отговорност) | |
| Лично име | Божилов, Божидар Борисов |
| Автороска отговорност (Описва отношението между автора и произведението) | с предг. от |
| 9 (RLIN) | 377974 |
| 700 1# - Други автори (авторска отговорност) | |
| Лично име | Карамамед |
| Автороска отговорност (Описва отношението между автора и произведението) | прев. от тур. |
| 9 (RLIN) | 76710 |
| 852 ## - Местоположение | |
| Форматна сигнатура | Цб 107453 |
| Фондова буква | Хранилище |
| 856 4# - Електронен адрес и достъп | |
| Електронен формат | pdf - файл |
| Инструкция (цена за достъп) | 0.00 |
| Права за достъп | disable |
| 999 ## - СИСТЕМНИ КОНТРОЛНИ НОМЕРА | |
| Koha biblionumber | 188313 |
| Koha biblioitemnumber | 188313 |
| 942 ## - АРТИКУЛИ | |
| Вид на библиотечния материал | Книги |
| Скрит в OPAC | Не |
| Koha issues (borrowed), all copies | 2 |
| Периодичен библиозапис | Да |
| 944 ## - СЪЗДАВАНЕ И РЕДАКЦИЯ на ЗАПИСА | |
| Създаване/Редакция | Създаване |
| Дата на регистрацията/редакция | 02.12.2016 |
| Служител, извършил регистрацията/редакцията | Севдалина_Василева |
| 944 ## - СЪЗДАВАНЕ И РЕДАКЦИЯ на ЗАПИСА | |
| Създаване/Редакция | Редакция |
| Дата на регистрацията/редакция | 02.12.2016 |
| Служител, извършил регистрацията/редакцията | Севдалина_Василева |
| Код за отписване | Код за изгубен артикул | Източник на класификационната схема | Код за повреда | Коз за рестрикции | Код за отдаване | Артикулен № | Име на библиотеката - собственик | Име на библиотеката, в която се намира в момента | Статус (Текущо местоположение) | Дата на вписване в системата | Местоположение - отдел | Цена в лева | Инвентарен номер | Систематично азбучна сигнатура | Баркод | Номер на екземпляра | Цена в евро | Служебна бележка | Служебен тип на артикула |
|---|---|---|---|---|---|---|---|---|---|---|---|---|---|---|---|---|---|---|---|
| Не е изгубен | Universal Decimal Classification | Не е повреден | само за читалня | ползва се в читалня | 330048 | Регионална библиотека "Любен Каравелов" Русе | Регионална библиотека "Любен Каравелов" Русе | Хранилище | 1981-01-01 | Хранилище | 3.01 | 322305 | Цб 107453 | 120000322305 | 1 | 1.54 | Дост: Dp Вид: Д N: стар фонд Дата: 01.01.1981 | Книги | |
| Изтеглен | Не е изгубен | Universal Decimal Classification | Не е повреден | без рестрикции | заемане за дома | 330049 | Регионална библиотека "Любен Каравелов" Русе | Регионална библиотека "Любен Каравелов" Русе | Заемна - подръчен фонд | 1981-01-01 | Заемна - подръчен фонд | 3.01 | 325521 | П 894.35-1/Т 93 | 120000325521 | 2 | 1.54 | Дост: Pk Вид: Ф N: стар фонд Дата: 01.01.1981 Дата инв: 08.02.2018 Бележки инв: П2018 | Книги |
| Изтеглен | Не е изгубен | Universal Decimal Classification | Не е повреден | без рестрикции | заемане за дома | 330050 | Регионална библиотека "Любен Каравелов" Русе | Регионална библиотека "Любен Каравелов" Русе | Заемна - подръчен фонд | 1981-01-01 | Заемна - подръчен фонд | 3.01 | 325522 | П 894.35-1/Т 93 | 325522 | 3 | 1.54 | Дост: Pk Вид: Ф N: стар фонд Дата: 01.01.1981 | Книги |
| Изтеглен | Не е изгубен | Universal Decimal Classification | Не е повреден | без рестрикции | заемане за дома | 330051 | Регионална библиотека "Любен Каравелов" Русе | Регионална библиотека "Любен Каравелов" Русе | Заемна - подръчен фонд | 1981-01-01 | Заемна - подръчен фонд | 3.01 | 325523 | П 894.35-1/Т 93 | 325523 | 4 | 1.54 | Дост: Pk Вид: Ф N: стар фонд Дата: 01.01.1981 Дата инв: 19.02.2018 Бележки инв: П2018 | Книги |